Logos de marcas españolas - Estadísticas

Estadísticas generales
  • Esta prueba ha sido intentada 6.402 veces
  • La puntuación promedio es 13 de 20
Estadísticas de respuestas
Imagen Respuesta % Correcto
ElPozo
94%
Movistar
94%
El Corte Inglés
91%
Repsol
90%
Santander
89%
Asturiana
87%
Telepizza
87%
CaixaBank
86%
Iberdrola
85%
Mahou
85%
Campofrío
75%
Iberia
74%
Cruzcampo
66%
LaLiga
57%
The Good Burger
56%
Aena
39%
Reina
34%
Mapfre
27%
Massimo Dutti
13%
Privalia
6%
No se encontraron pruebas coincidentes
Distribución de puntuación
Porcentaje de gente con cada puntuación
Porcentaje por número respondido
Historial de tus puntuaciones
No has intentado esta prueba.